| 000 | 00808nam a2200277Ia 4500 | ||
|---|---|---|---|
| 001 | Para_8791 | ||
| 003 | CHAP | ||
| 008 | 220125s2002 xx 000 0 und d | ||
| 010 | _a207572 | ||
| 040 | _cCHAP | ||
| 090 | _aCD 6 | ||
| 110 |
_aAmerican Phytopathological Society _95265 |
||
| 245 |
_aDiseases of root and tuber crops [disco compacto] / _c by APS |
||
| 260 |
_aSt. Paul, Minn. : _b APS Press |
||
| 300 | _a1 CD | ||
| 650 |
_aCamote _x enfermedades / Papa _x enfermedades _9174134 |
||
| 650 |
_aRemolacha _x enfermedades _995859 |
||
| 650 |
_aTubérculos y cultivos de raíz _x enfermedades _9115483 |
||
| 901 | _aCD 6 | ||
| 902 | _aA | ||
| 905 | _a0000002002 DL 0000000000 00 | ||
| 910 | _a2002 | ||
| 942 | _cPARA | ||
| 942 |
_cPARA _d1 |
||
| 999 |
_c207572 _d207572 |
||